L'Ateneu Polytèchnicum : de Rafael Campalans a Pau Casals / Amics del Polytèchnicum ; coordinació: Francesc Solà i Forch de Rafael Campalans a Pau Casals / Amics del Polytèchnicum ; coordinació:
Descripción Física:
[191] p. : il. ; 31 cm
Colección:
Biblioteca de l'autodidacte
Otros Autores:
Solà i Forch, Francesc, coord
MARC
| LEADER | 00000nam a2200000Ia 4500 | ||
|---|---|---|---|
| 001 | 12069 | ||
| 003 | BGR | ||
| 005 | 20260324180142.0 | ||
| 008 | 160829s1997] xx 000 0 cat d | ||
| 080 | |a FOL-1-63 | ||
| 110 | 2 | |9 70303 |a Amics del Polytèchnicum (Barcelona) | |
| 245 | |a L'Ateneu Polytèchnicum : |b de Rafael Campalans a Pau Casals / Amics del Polytèchnicum ; coordinació: |b Francesc Solà i Forch | ||
| 260 | |a Barcelona : |b [s.n., |c 1997] | ||
| 300 | |a [191] p. : |b il. ; |c 31 cm | ||
| 490 | |a Biblioteca de l'autodidacte | ||
| 590 | |a Conté: còpies dels estatuts i de diferents publicacions de l'Ateneu | ||
| 610 | 2 | 0 | |a Associació Obrera de Concerts |9 70518 |
| 610 | 2 | 0 | |a Amics del Polytèchnicum (Barcelona) |9 70303 |
| 650 | |a Formació professional |9 38621 | ||
| 700 | |a Solà i Forch, Francesc, coord. |9 47910 | ||
| 901 | |a Arxiu | ||
| 942 | |n 1 |2 udc |c MON | ||
| 952 | |0 0 |1 0 |4 0 |6 FOL163 |7 1 |9 54196 |a Arxiu |b Arxiu |d 2016-12-01 |l 0 |o FOL-1-63 |p 12069 |r 2016-12-01 00:00:00 |w 2016-12-01 |y ARXIU | ||
| 999 | |c 58065 |d 58065 | ||